Угадай песню по последней строчке - Statistics

General Stats
  • This quiz has been taken 32 times
    4 since last reset
  • The average score is 3 of 22
Answer Stats
Текст Песня % Correct
В саду ягода-малинка, малинка моя. «Калинка»
75%
Весенним лучом на белой стене. «Ясный мой свет»
25%
Бег на месте общепримиряющий. «Утренняя гимнастика»
25%
Баня, водка, гармонь и лосось. «Не валяй дурака, Америка»
25%
В сердце лишь кусочки льда. «Аэропорты»
25%
Пусть пробуют они, я лучше пережду. «Она была в Париже»
25%
Я приготовлю для тебя огромную пиццу. «Голая»
25%
Я бы стала самой бедной из людей. «Каждый раз»
25%
Мы не встретимся никак. «Морячка»
25%
Как жаль, что это всё приснилось мне. «Зимний сон»
25%
И навеки провожают всем двором. «Городок»
25%
Знать, увидел вас я в недобрый час. «Очи чёрные»
0%
Свою жизнь для тебя превратит в цветы. «Миллион роз»
0%
Обретают снова силу высоты. «Позови меня с собой»
0%
Но мы мутим то, что помогает жить нам. «Солнца не видно»
0%
Из Москвы никогда не идут поезда. «Лондон»
0%
Только я твоей любви ни капли не хочу. «Младший лейтенант»
0%
А на войне, как на войне. «Комбат»
0%
Хоть немного ещё постою на краю. «Кони привередливые»
0%
И ни с кем сегодня не гуляй. «Ксюша»
0%
Ты за белого, я за красного. «Яблочко»
0%
В этом смысла ноль, если тебя рядом нет. «Солнце Монако»
0%
No matching quizzes found
Score Distribution
Percent of People with Each Score
Percentile by Number Answered
Your Score History
You have not taken this quiz since the last reset